Every MLB Field of Dreams Game Starting Lineup - Statistics

General Stats
  • This quiz has been taken 32 times
  • The average score is 14 of 40
Answer Stats
Position Player % Correct
2021 Yankees RF Aaron Judge
95%
2021 Yankees DH Giancarlo Stanton
91%
2021 White Sox SS Tim Anderson
86%
2021 Yankees 2B DJ LeMahieu
64%
2022 Cubs LF Ian Happ
64%
2022 Reds 1B Joey Votto
64%
2021 White Sox 3B Yoan Moncada
64%
2021 White Sox 1B Jose Abreu
59%
2021 White Sox CF Luis Robert
59%
2021 White Sox LF Eloy Jimenez
55%
2022 Reds 2B Jonathan India
50%
2021 Yankees C Kyle Higashioka
50%
2022 Cubs SS Nico Hoerner
50%
2022 Cubs C Willson Contreras
50%
2021 White Sox P Lance Lynn
45%
2022 Cubs 3B Patrick Wisdom
41%
2022 Cubs RF Seiya Suzuki
41%
2021 Yankees CF Brett Gardner
32%
2021 Yankees LF Joey Gallo
32%
2021 Yankees 1B Luke Voit
32%
2021 White Sox RF Adam Engel
23%
2021 White Sox DH Andrew Vaughn
23%
2022 Cubs 2B Nick Madrigal
23%
2021 Yankees P Andrew Heaney
18%
2022 Reds RF Aristides Aquino
18%
2021 White Sox 2B Cesar Hernandez
18%
2021 Yankees SS Tyler Wade
18%
2022 Cubs CF Christopher Morel
14%
2022 Cubs DH Nelson Velazquez
14%
2022 Reds CF Nick Senzel
14%
2022 Cubs 1B PJ Higgins
14%
2022 Reds C Austin Romine
9%
2022 Reds DH Donavan Solano
9%
2022 Cubs P Drew Smyly
9%
2022 Reds 3B Kyle Farmer
9%
2022 Reds P Nick Lodolo
9%
2021 White Sox C Seby Zavala
9%
2022 Reds LF Albert Almora
5%
2022 Reds SS Jose Barrero
5%
2021 Yankees 3B Rougned Odor
5%
No matching quizzes found
Score Distribution
Percent of People with Each Score
Percentile by Number Answered
Your Score History
You have not taken this quiz